[Event "Titled Tue 2nd Jul Late"]
[Site "chess.com INT"]
[Date "2024.07.02"]
[Round "4"]
[White "Indjic, A."]
[Black "Rustemov, A."]
[Result "1-0"]
[WhiteElo "2610"]
[BlackElo "2525"]
[PlyCount "75"]
[EventDate "2024.07.02"]

1. Nf3 d5 2. e3 Nf6 3. c4 c6 4. Nc3 a6 5. Qc2 e6 6. b3 c5 7. Bb2 d4 8. exd4 cxd4 9. Ne4 Nc6 10. Nxf6+ Qxf6 11. a3 $146 ({RR} 11. Bd3 Bd6 12. O-O h6 13. Be4 e5 14. Bxc6+ bxc6 15. Qe4 O-O 16. Qxc6 Bg4 17. Rfe1 Rac8 18. Qe4 Bf5 19. Qe2 Rfe8 20. d3 Bb4 21. Red1 a5 22. a3 Bc5 23. Re1 Bg4 24. Rab1 Rb8 25. Bc1 Qd6 {Gajewski,G (2647)-Eljanov,P (2753) Reykjavik 2015 0-1 (45)}) 11... a5 12. Bd3 Bc5 13. O-O h6 14. Be4 O-O 15. d3 e5 16. Rae1 Bf5 17. Bxc6 bxc6 18. Nxe5 Rfe8 19. f4 h5 20. Kh1 Qd6 21. Qf2 f6 22. Nf3 Bxd3 23. Rxe8+ Rxe8 24. Re1 Rxe1+ 25. Qxe1 Qxf4 26. Qe8+ Bf8 27. Bxd4 Qd6 28. Bg1 Bc2 29. Nd4 Bd1 30. Ne6 Qe7 31. Qxc6 Bxb3 32. Bc5 Ba4 33. Qd5 Qf7 34. Nxf8 Bb3 35. Ne6 a4 36. h3 h4 37. Bf2 Kh7 38. Ng5+ 1-0

[Event "Titled Tue 2nd Jul Late"]
[Site "chess.com INT"]
[Date "2024.07.02"]
[Round "7"]
[White "Andreikin, D."]
[Black "Santos Latasa, J."]
[Result "1-0"]
[WhiteElo "2729"]
[BlackElo "2631"]
[PlyCount "55"]
[EventDate "2024.07.02"]

1. Nf3 Nf6 2. g3 d5 3. Bg2 c5 4. O-O Nc6 5. d4 e6 6. c4 dxc4 7. dxc5 Qxd1 8. Rxd1 Bxc5 9. Nfd2 Na5 10. Na3 Bxa3 11. bxa3 O-O 12. Bb2 Nd5 13. Rac1 b5 14. Ne4 Bb7 15. Nd6 Bc6 16. Bxd5 exd5 17. Nf5 $146 ({RR} 17. Bc3 Nb7 18. Nf5 Rfe8 19. Nxg7 Rxe2 20. Nf5 Re6 21. Nd4 Nc5 22. Bb4 Na4 23. Nxe6 fxe6 24. Rd4 e5 25. Rg4+ Kf7 26. Rh4 Kg8 27. Rg4+ Kf7 28. Rh4 Kg8 29. Rg4+ {½-½ (29) Vidit,S (2726)-Aronian,L (2781) chess24.com INT 2021}) 17... Rfe8 18. Bxg7 Bd7 19. Bc3 Bxf5 20. Rxd5 Bg6 21. Bxa5 Rxe2 22. Rxb5 Rxa2 23. Rxc4 Rxa3 24. Bc3 Re8 25. h4 h5 26. g4 hxg4 27. h5 Be4 28. Rxe4 1-0

[Event "Titled Tue 2nd Jul Late"]
[Site "chess.com INT"]
[Date "2024.07.02"]
[Round "10"]
[White "Naroditsky, D."]
[Black "Bluebaum, M."]
[Result "1-0"]
[WhiteElo "2619"]
[BlackElo "2640"]
[PlyCount "129"]
[EventDate "2024.07.02"]

1. Nf3 d5 2. e3 e6 3. b3 Nf6 4. Bb2 Bd6 5. d4 O-O 6. Bd3 b6 7. Nbd2 Bb7 8. O-O Nbd7 9. Ne5 c5 10. f4 Qc7 11. c4 cxd4 ({RR} 11... Rad8 12. Qe2 Rfe8 13. Rac1 dxc4 14. bxc4 cxd4 15. exd4 Nf8 16. Ndf3 Ng6 17. Nxg6 hxg6 18. Ne5 Bf8 19. h3 a6 20. Rfd1 Qb8 21. Kh2 Qa8 22. Qf2 Ne4 23. Bxe4 Bxe4 24. c5 b5 25. Bc3 a5 26. a3 {Liascovich,L (2417)-Martinez Alcantara,J (2606) chess.com INT 2025 0-1 (33)}) 12. exd4 dxc4 13. bxc4 Rfd8 $146 ({RR} 13... Be7 14. Ndf3 Bxf3 15. Rxf3 Nxe5 16. fxe5 Nd7 17. Rh3 h6 18. Qg4 Bg5 19. Bc1 Bxc1 20. Rxc1 Kh8 21. Qe4 f5 22. exf6 Nxf6 23. Qxe6 Qf4 24. Qf5 Qxc1+ 25. Qf1 Qxf1+ 26. Bxf1 Ne4 27. Bd3 Ng5 28. Rh5 {Zulkippli,I-Ng,S Taipa 2014 0-1 (47)}) 14. Qe2 Nf8 15. f5 exf5 16. Rxf5 Ng6 17. Raf1 Bxe5 18. dxe5 Qd7 19. exf6 Qxd3 20. Qxd3 Rxd3 21. Nb3 Re8 22. fxg7 Re2 23. R5f2 Rxf2 24. Kxf2 Nh4 25. Re1 Bc6 26. Re7 Nf5 27. Rc7 Bd7 28. Ke2 Rd6 29. c5 bxc5 30. Nxc5 Bb5+ 31. Kf3 Nxg7 32. Rxa7 Bc6+ 33. Kf4 Ne6+ 34. Nxe6 Rxe6 35. Rc7 f6 36. Kf5 Rd6 37. Bxf6 Bd7+ 38. Kg5 h6+ 39. Kg6 Be8+ 40. Kf5 Bd7+ 41. Ke4 Rxf6 42. Rxd7 Rf2 43. a4 Rxg2 44. h3 Ra2 45. Rd4 Ra3 46. h4 Kg7 47. Kd5 Kg6 48. Kc6 Kf5 49. Rb4 h5 50. Kb6 Rg3 51. a5 Rg4 52. Rb5+ Kg6 53. a6 Rxh4 54. a7 Ra4 55. Ra5 Rb4+ 56. Ka6 Rf4 57. a8=Q Rf6+ 58. Kb5 Rf5+ 59. Kc4 Rf4+ 60. Kd3 Rf7 61. Qc6+ Kg7 62. Rg5+ Kf8 63. Qd6+ Ke8 64. Rg8+ Rf8 65. Rxf8# 1-0

[Event "Titled Tue 2nd Jul Late"]
[Site "chess.com INT"]
[Date "2024.07.02"]
[Round "11"]
[White "Andreikin, D."]
[Black "Ragger, M."]
[Result "1-0"]
[WhiteElo "2729"]
[BlackElo "2603"]
[PlyCount "139"]
[EventDate "2024.07.02"]

1. Nf3 Nf6 2. g3 g6 3. b3 b6 4. Bb2 Bg7 5. Bg2 Bb7 6. c4 c5 7. O-O O-O 8. d4 d5 9. dxc5 dxc4 10. Nbd2 cxb3 11. Nxb3 Nbd7 12. Rc1 Nxc5 13. Nxc5 bxc5 14. Rxc5 Ne4 $146 ({RR} 14... Rc8 15. Rxc8 Qxc8 16. Qa4 Bd5 17. Rc1 Qb7 18. Bd4 a6 19. Qa5 Qb5 20. Qxb5 axb5 21. a3 e6 22. Ne5 Bxg2 23. Kxg2 Ng4 24. Nc6 Ra8 25. Bc5 Bf8 26. Bb4 Nf6 27. Nd4 Bxb4 28. axb4 Nd5 29. Nc6 {Demuth,A (2484)-Micottis,D (2269) Chartres FRA 2023 ½-½ (34)}) 15. Bxg7 Nxc5 16. Bxf8 Qxd1 17. Rxd1 Kxf8 18. Ne5 Bxg2 19. Kxg2 f6 20. Nd7+ Nxd7 21. Rxd7 a6 22. Rd5 Rc8 23. Ra5 Rc6 24. g4 g5 25. Kg3 Kf7 26. e3 Kg6 27. h4 h6 28. f4 gxh4+ 29. Kxh4 Rc3 30. e4 Rc4 31. f5+ Kf7 32. e5 fxe5 33. Rxa6 Rc1 34. Re6 Ra1 35. Kg3 Rxa2 36. Rxh6 Ra3+ 37. Kh4 Ra8 38. Re6 Rh8+ 39. Kg3 Rh1 40. Rxe5 Rg1+ 41. Kh4 Ra1 42. Kg5 Rh1 43. Re6 Rg1 44. Rh6 Kg7 45. Ra6 Kf7 46. Ra7 Rf1 47. Rb7 Rf2 48. Rb8 Rf1 49. Rh8 Kg7 50. Rc8 Kf7 51. Rc2 Rg1 52. Rh2 Kg7 53. Rh3 Kf7 54. Rh7+ Kf8 55. Kh5 Rf1 56. Kg6 Ke8 57. g5 Rg1 58. Rh8+ Kd7 59. Ra8 Rg2 60. Ra7+ Ke8 61. Ra8+ Kd7 62. Kh6 Rf2 63. g6 Rxf5 64. g7 Rf6+ 65. Kg5 Rf1 66. g8=Q Rg1+ 67. Kf4 Rxg8 68. Rxg8 Ke6 69. Rg2 Kf7 70. Re2 1-0

[Event "TCh-CHN DivA Standard"]
[Site "Fuling CHN"]
[Date "2024.07.06"]
[Round "9.3"]
[White "Zhou Weiqi"]
[Black "Xiu Deshun"]
[Result "1-0"]
[WhiteElo "2599"]
[BlackElo "2514"]
[PlyCount "129"]
[EventDate "2024.06.26"]
[EventType "team"]
[WhiteTeam "Shenzhen Pengchengkulan"]
[BlackTeam "Beijing"]

1. Nf3 d5 2. g3 g6 3. Bg2 Bg7 4. O-O e5 5. d3 Ne7 6. e4 O-O 7. b4 d4 8. c3 dxc3 ({RR} 8... a5 9. b5 c5 10. bxc6 Nexc6 11. Bb2 Na6 12. cxd4 exd4 13. Na3 Be6 14. Qd2 Nc5 15. Nc2 Na4 16. Ba3 Re8 17. Rfb1 Rb8 18. Bb2 b5 19. h4 h6 20. Kh2 b4 21. Bh3 f5 22. exf5 gxf5 23. Nce1 {Banusz,T (2580)-To,N (2298) chess.com INT 2025 0-1 (53)}) 9. Nxc3 Bg4 10. b5 $146 ({RR} 10. Bg5 h6 11. Be3 Nbc6 12. Qd2 Qd7 13. Ne2 Kh7 14. b5 Nd4 15. Bxd4 exd4 16. Rab1 a6 17. b6 Rac8 18. Nf4 g5 19. Ne2 c5 20. Nc1 c4 21. dxc4 Rxc4 22. Nd3 Ng6 23. Nb4 Rfc8 24. Ne1 Be6 {Olsen,F (2456)-Haubro,M (2436) Svendborg DEN 2024 1-0 (31)}) 10... a6 11. a4 axb5 12. Nxb5 c6 13. Nc3 c5 14. Be3 Nd7 15. Qb1 b6 16. Nd2 Nc6 17. Nd5 Be6 18. Nc4 Rb8 19. Qb5 Na7 20. Qa6 Nc6 21. Rab1 Bxd5 22. exd5 Nb4 23. Qb5 f5 24. d6 Nxd3 25. Bc6 Nf6 26. Qb3 e4 27. Ne5+ Kh8 28. Nxd3 exd3 29. Qxd3 Ng4 30. d7 Nxe3 31. fxe3 Be5 32. Qd5 Qe7 33. Rf3 Bc7 34. Bb5 Rf6 35. Qb3 h5 36. Rd1 Kh7 37. e4 fxe4 38. Rxf6 Qxf6 39. Qe3 Qf3 40. Re1 Rf8 41. Qxe4 Qxe4 42. Rxe4 Bd8 43. h4 Kg7 44. Kg2 Rf6 45. Re8 Rf8 46. Bd3 g5 47. hxg5 Bxg5 48. Re5 Bf6 49. Rxh5 Kf7 50. Rd5 Ke7 51. Bb5 Rd8 52. Rf5 Ke6 53. Rf1 Be7 54. Rd1 Bg5 55. Kf3 Ke5 56. Re1+ Kd6 57. Re8 Kc7 58. Ke4 Bf6 59. Kd5 Bg5 60. g4 Bh4 61. Ke6 Bg5 62. Kf5 Bc1 63. g5 Bb2 64. Ke6 c4 65. Rxd8 1-0

[Event "SuperUnited CRO Rapid 2024"]
[Site "Zagreb CRO"]
[Date "2024.07.10"]
[Round "1.2"]
[White "Caruana, F."]
[Black "Vidit, S."]
[Result "1-0"]
[WhiteElo "2796"]
[BlackElo "2720"]
[PlyCount "93"]
[EventDate "2024.07.10"]
[EventType "rapid"]

1. Nf3 d5 2. g3 c5 3. Bg2 Nf6 4. O-O g6 5. d3 Bg7 6. Be3 $146 ({RR} 6. Nc3 Nc6 7. a3 d4 8. Na4 Qd6 9. c4 Rb8 10. Rb1 Nh5 11. b4 b6 12. Nd2 cxb4 13. axb4 O-O 14. Ba3 Qc7 15. Qc2 Ne5 16. b5 f5 17. c5 Be6 18. c6 f4 19. Nf3 fxg3 20. hxg3 Nxf3+ {Gruenberg,R-Nielsen,P Hamburg 1974 1-0 (40)}) ({RR} 6. Re1 Nc6 7. Bd2 O-O 8. e4 d4 9. a4 e5 10. Na3 Ne8 11. Kh1 Nd6 12. c3 a6 13. Nc2 Be6 14. Ng5 Bb3 15. Ra3 c4 16. Nf3 Qb6 17. Qb1 dxc3 18. bxc3 Qxf2 19. Ne3 Rad8 20. d4 Nxe4 {Van Foreest,J (2694)-Huschenbeth,N (2593) Mayrhofen 2022 1-0 (40)}) ({RR} 6. Re1 O-O 7. Nc3 Nc6 8. e4 e5 9. exd5 Nxd5 10. Nxd5 Qxd5 11. Ng5 Qd8 12. Be3 Bd7 13. Ne4 b6 14. Nc3 Rc8 15. a3 Re8 16. Bd5 Be6 17. Qf3 Bxd5 18. Nxd5 Nd4 19. Bxd4 cxd4 20. Rac1 Rc5 {Chandreyee,H (2044)-Colonetti,F (2170) chess.com INT 2025 ½-½ (61)}) 6... d4 7. Bf4 O-O 8. c3 Nc6 9. Ne5 Nd5 10. Nxc6 bxc6 11. Bd2 Qb6 12. Qc1 Rb8 13. c4 Nc7 14. b3 a5 15. Bh6 Ne6 16. Bxg7 Kxg7 17. Nd2 Bd7 18. Nf3 Qc7 19. e3 a4 20. bxa4 Rb4 21. Re1 Rxa4 22. exd4 cxd4 23. h4 Qd6 24. Re4 Rfa8 25. h5 Rxa2 26. Rxa2 Rxa2 27. hxg6 fxg6 28. Qe1 Kf8 29. Bh3 Ng7 30. Rxd4 Qa3 31. Rxd7 Ra1 32. Rd8+ Ne8 33. Bd7 Rxe1+ 34. Nxe1 Qa7 35. Bxc6 Qc7 36. Rxe8+ Kg7 37. Bb5 h5 38. Nf3 Qd6 39. d4 Qf6 40. Kg2 g5 41. c5 h4 42. Bd7 e6 43. Bxe6 g4 44. Rg8+ Kh6 45. Bxg4 hxg3 46. Kxg3 Qf7 47. Rg5 1-0

[Event "SuperUnited CRO Rapid 2024"]
[Site "Zagreb CRO"]
[Date "2024.07.10"]
[Round "3.3"]
[White "Saric, Iv"]
[Black "Vidit, S."]
[Result "1-0"]
[WhiteElo "2690"]
[BlackElo "2720"]
[PlyCount "73"]
[EventDate "2024.07.10"]
[EventType "rapid"]

1. Nf3 d5 2. g3 Nc6 3. d4 Bf5 4. c4 e6 5. Bg2 ({RR} 5. cxd5 exd5 6. a3 h6 7. Nc3 Nf6 8. Bg2 Bd6 9. O-O O-O 10. b4 a6 11. Qb3 Ne7 12. b5 Bd7 13. a4 axb5 14. Nxb5 Bxb5 15. Qxb5 Ra6 16. Ba3 Bxa3 17. Rxa3 Qa8 18. Rc1 Ra5 19. Qb2 Nc6 {Carlsen,M (2832)-Aronian,L (2729) chess.com INT 2024 ½-½ (111)}) 5... Nb4 6. O-O Be7 $146 ({RR} 6... Nc2 7. cxd5 Nxa1 8. e4 Bxe4 9. dxe6 fxe6 10. Nc3 Bf5 11. Nh4 c6 12. Nxf5 exf5 13. d5 Ne7 14. Bg5 h6 15. Bf4 Kf7 16. Qe2 Nxd5 17. Nxd5 cxd5 18. Rd1 d4 19. Bxb7 Be7 20. Rxa1 Bf6 21. Rc1 {Andreikin,D (2729)-Reprintsev,A (2298) chess.com INT 2023 ½-½ (62)}) ({RR} 6... Nc2 7. cxd5 Nxa1 8. e4 Bxe4 9. dxe6 fxe6 10. Nc3 Bxf3 11. Qxf3 Nc2 12. Qh5+ g6 13. Qe5 Nf6 14. Bxb7 Rb8 15. Qxe6+ Qe7 16. Bc6+ Kd8 17. Qh3 Bg7 18. a3 Rb6 19. d5 Nd4 20. Be3 Nf5 21. Bxb6 {Kobo,O (2525)-Pasztor,B (2407) Eforie Nord ROU 2025 0-1 (41)}) 7. Nc3 Nc2 8. cxd5 exd5 9. e4 dxe4 10. Qxc2 exf3 11. Qxf5 fxg2 12. Re1 Qd7 13. Qf3 c6 14. d5 Rd8 15. Bg5 Kf8 16. dxc6 Qxc6 17. Bxe7+ Nxe7 18. Rad1 Re8 19. Qf4 f6 20. Qb4 a5 21. Qxa5 Kf7 22. Ne4 b6 23. Qh5+ g6 24. Qf3 Nd5 25. Qb3 Re5 26. Nc3 Rxe1+ 27. Rxe1 Rd8 28. Rd1 Ke6 29. Kxg2 b5 30. Nxd5 Rxd5 31. Kf3 Ke5 32. Qxd5+ Qxd5+ 33. Rxd5+ Kxd5 34. Ke3 Kc4 35. g4 h6 36. Ke4 b4 37. h4 1-0

[Event "SuperUnited CRO Blitz 2024"]
[Site "Zagreb CRO"]
[Date "2024.07.14"]
[Round "15.2"]
[White "Saric, Iv"]
[Black "Vidit, S."]
[Result "1-0"]
[WhiteElo "2690"]
[BlackElo "2720"]
[PlyCount "83"]
[EventDate "2024.07.13"]
[EventType "blitz"]

1. Nf3 Nf6 2. g3 c5 3. Bg2 Nc6 4. O-O e5 5. e4 Be7 6. c3 d6 7. d4 cxd4 8. cxd4 Bg4 9. d5 ({RR} 9. Be3 h5 10. d5 Nd4 11. Bxd4 exd4 12. Qxd4 Nd7 13. Nbd2 Bf6 14. Qe3 O-O 15. Nc4 Nb6 16. Rac1 Nxc4 17. Rxc4 Qb6 18. Qxb6 axb6 19. a4 Bxb2 20. Rb1 Ba3 21. h3 Rfc8 22. Rxc8+ Bxc8 23. e5 Bc5 {Grandelius,N (2644)-Sokolovsky,Y (2545) Eforie Nord ROU 2025 ½-½ (34)}) ({RR} 9. Be3 d5 10. exd5 Nxd5 11. Qb3 Nxe3 12. fxe3 O-O 13. Qxb7 Rc8 14. Nxe5 Nxe5 15. dxe5 Bc5 16. Nc3 Bxe3+ 17. Kh1 Rb8 18. Qe4 Qd4 19. Rf4 Qd2 20. Rxg4 Qxb2 21. Re1 Bd2 22. Nd5 Kh8 23. Rf1 Qxa2 {Praggnanandhaa,R (2684)-Vidit,S (2730) Kolkata IND 2022 1-0 (45)}) 9... Nd4 10. Be3 Nxe4 $146 ({RR} 10... Nxf3+ 11. Bxf3 h5 12. Nc3 Qd7 13. Be2 Bxe2 14. Qxe2 h4 15. f3 hxg3 16. hxg3 a6 17. g4 Nh7 18. Kg2 Nf8 19. Rh1 Rxh1 20. Rxh1 Ng6 21. Qd2 Rc8 22. Ne2 Bh4 23. b3 f6 24. Ng3 Bxg3 25. Kxg3 {Amin,B (2680)-Lagarde,M (2626) Durres ALB 2023 ½-½ (33)}) 11. Bxd4 exd4 12. Qxd4 Nf6 13. Nc3 O-O 14. Rfe1 Re8 15. a4 a6 16. h3 Bf5 17. g4 Bg6 18. Nd2 Nd7 19. f4 Bf6 20. Rxe8+ Qxe8 21. Qf2 h5 22. g5 Bxc3 23. bxc3 Bf5 24. Nc4 Qf8 25. a5 Nc5 26. Rd1 Re8 27. Re1 Rc8 28. Bf1 g6 29. Qd4 Nd7 30. h4 Rc7 31. Kf2 Nc5 32. Nxd6 Bd7 33. Qf6 Ba4 34. f5 Nd7 35. Qe7 Qxe7 36. Rxe7 gxf5 37. Bd3 Rxc3 38. Bxf5 Nf8 39. Nxf7 Rc4 40. Nh6+ Kh8 41. g6 Nxg6 42. Bxg6 1-0

[Event "SuperUnited CRO Blitz 2024"]
[Site "Zagreb CRO"]
[Date "2024.07.14"]
[Round "16.1"]
[White "Gukesh, D."]
[Black "Firouzja, Alireza"]
[Result "1-0"]
[WhiteElo "2763"]
[BlackElo "2744"]
[PlyCount "94"]
[EventDate "2024.07.13"]
[EventType "blitz"]

1. Nf3 c5 2. g3 Nc6 3. Bg2 g6 4. O-O Bg7 5. c4 d6 6. Nc3 Bf5 7. d3 Qd7 8. Be3 Bh3 9. d4 Bxg2 10. Kxg2 cxd4 11. Nxd4 Nf6 12. f3 h5 $146 ({RR} 12... O-O 13. Qd2 Rfc8 14. Rac1 Nxd4 15. Qxd4 Qe6 16. b3 d5 17. Na4 Ng4 18. Qxg4 Qxe3 19. Qf4 Qxf4 20. gxf4 dxc4 21. bxc4 b6 22. Nc3 Rxc4 23. Nd5 Rxc1 24. Rxc1 e6 25. Ne7+ Kf8 26. Rc7 Bd4 27. Nc6 {Komut,B (2007)-Yurtseven,M (2299) Kocaeli 2015 0-1 (69)}) 13. h4 Rc8 14. b3 O-O 15. Rc1 Rfd8 16. Qd2 Kh7 17. Rfd1 a6 18. a4 Nxd4 19. Bxd4 Bh6 20. Be3 Bxe3 21. Qxe3 Qe6 22. Qd4 Rg8 23. Qf4 Rc5 24. e4 g5 25. hxg5 Rcxg5 26. Ne2 Nd7 27. Rh1 Nc5 28. Qe3 Qg6 29. Rh3 e5 30. Rch1 Ne6 31. Kf2 f5 32. exf5 Rxf5 33. g4 Rg5 34. Rxh5+ Kg7 35. Qd2 Rxh5 36. Rxh5 Rd8 37. Ng3 Nf4 38. Nf5+ Kf7 39. Rh6 Qg5 40. Kf1 d5 41. Qb4 Ne6 42. Qxb7+ Kg8 43. Qh7+ Kf8 44. Qh8+ Kf7 45. Rh7+ Kg6 46. Rg7+ Kf6 47. Rg8+ Ng7 1-0

[Event "Titled Tue 9th Jul Early"]
[Site "chess.com INT"]
[Date "2024.07.09"]
[Round "6"]
[White "Nakamura, Hi"]
[Black "Rakhmanov, Ale"]
[Result "1-0"]
[WhiteElo "2802"]
[BlackElo "2596"]
[PlyCount "75"]
[EventDate "2024.07.09"]

1. Nf3 Nf6 2. b3 g6 3. Bb2 Bg7 4. d4 d5 5. e3 c6 ({RR} 5... Bf5 6. Bd3 Nbd7 7. Bxf5 gxf5 8. h3 h5 9. Nc3 c6 10. Ne2 Ne4 11. g3 Bh6 12. c4 Qa5+ 13. Kf1 Bg5 14. h4 Bh6 15. Kg2 Rg8 16. Qe1 Qxe1 17. Rhxe1 e6 18. Rac1 a5 19. Ba3 f6 20. cxd5 {Braun,A (2480)-Tazbir,M (2340) Heraklion 2004 1-0 (48)}) 6. c4 Bg4 ({RR} 6... O-O 7. Nc3 Bg4 8. Be2 Nbd7 9. O-O Rc8 10. Rc1 e6 11. h3 Bxf3 12. Bxf3 Re8 13. Qd3 a6 14. Rfd1 Qe7 15. e4 dxe4 16. Nxe4 Nxe4 17. Bxe4 e5 18. dxe5 Nxe5 19. Bxe5 Bxe5 20. Qd7 Bc7 21. Qxe7 {Collins,A (2162)-Ziegler,A (2297) chess.com INT 2024 1-0 (55)}) 7. Nbd2 $146 ({RR} 7. Bd3 O-O 8. Nc3 Nbd7 9. O-O e5 10. cxd5 cxd5 11. dxe5 Nxe5 12. Be2 Nxf3+ 13. Bxf3 Bxf3 14. Qxf3 Ne4 15. Rac1 Rc8 16. Na4 Bxb2 17. Nxb2 b5 {½-½ (17) Gosling,M-Jansen,J (1928) Reykjavik ISL 2023}) 7... O-O 8. Bd3 e6 9. h3 Bxf3 10. Nxf3 Nbd7 11. Qc2 Re8 12. O-O Qe7 13. Rfd1 a6 14. a3 Rac8 15. b4 Nh5 16. Qb3 f5 17. a4 Nhf6 18. b5 axb5 19. axb5 Ne4 20. Ra7 Rb8 21. Qa2 Qd8 22. Rc1 Re7 23. Ba3 Rf7 24. Bb4 g5 25. Ba5 Qf6 26. Bc7 Rc8 27. Rxb7 g4 28. hxg4 fxg4 29. Bxe4 dxe4 30. Ne5 Nxe5 31. Bxe5 Qh4 32. Rxf7 Bxe5 33. dxe5 Kxf7 34. g3 Qe7 35. b6 Qc5 36. Qa7+ Kg6 37. b7 Qxa7 38. bxc8=Q 1-0

[Event "Titled Tue 9th Jul Early"]
[Site "chess.com INT"]
[Date "2024.07.09"]
[Round "8"]
[White "Pultinevicius, Paulius"]
[Black "Martinez Alcantara, Jose Eduardo"]
[Result "1-0"]
[WhiteElo "2599"]
[BlackElo "2612"]
[PlyCount "121"]
[EventDate "2024.07.09"]

1. Nf3 c5 2. c4 Nc6 3. Nc3 g6 4. e3 Bg7 5. d4 d6 6. h3 Nh6 ({RR} 6... e6 7. d5 exd5 8. cxd5 Ne5 9. Nxe5 Bxe5 10. e4 f5 11. exf5 Bxf5 12. Bf4 Bxf4 13. Qa4+ Bd7 14. Qxf4 Qe7+ 15. Be2 Nf6 16. O-O O-O 17. Rae1 Rae8 18. Qd2 Qd8 19. Bd3 a6 20. a3 b5 21. b4 {Banikas,H (2601)-Aronian,L (2780) Batumi 2018 0-1 (64)}) 7. d5 Nb4 ({RR} 7... Ne5 8. Nxe5 Bxe5 9. e4 Bg7 10. Bd3 O-O 11. O-O f5 12. Bxh6 Bxh6 13. exf5 gxf5 14. Qh5 Bg7 15. Rab1 Qe8 16. Qxe8 Rxe8 17. Nb5 Rf8 18. Rfe1 Bf6 19. Nc7 Rb8 20. Ne6 Bxe6 21. Rxe6 f4 22. b3 {Isajevsky,A (2403)-Mekhitarian,K (2569) Chess.com INT 2022 1-0 (52)}) 8. a3 Na6 9. e4 $146 ({RR} 9. Qc2 O-O 10. Rb1 e5 11. b4 f5 12. Be2 Kh8 13. Na4 b6 14. bxc5 Nxc5 15. Nxc5 bxc5 16. O-O g5 17. Nh2 f4 18. e4 g4 19. hxg4 Qg5 20. f3 Nf7 21. Qa4 h5 22. gxh5 Qg3 23. Kh1 Bf6 {Nearhou,A (1909)-Margaritis,F (2154) Aghios Kirykos 2006 0-1 (35)}) 9... O-O 10. Bd3 e5 11. g4 f6 12. Be3 Nf7 13. Rg1 Ng5 14. Nxg5 fxg5 15. Qd2 h6 16. O-O-O Bd7 17. Rh1 Qf6 18. Rdg1 Qe7 19. Nd1 Nc7 20. h4 Bf6 21. hxg5 Bxg5 22. Bxg5 hxg5 23. Ne3 Rf4 24. Rh6 Qg7 25. Rgh1 Ne8 26. f3 Nf6 27. Qh2 Kf7 28. Be2 Rg8 29. Ng2 Ke7 30. Nxf4 gxf4 31. Qh4 g5 32. Qe1 b6 33. Bd1 Kd8 34. Bc2 Kc7 35. Qd1 a6 36. Ba4 b5 37. Bc2 Kb6 38. b4 Rc8 39. Qg1 Qe7 40. Rg6 Be8 41. Rgh6 Kb7 42. Kb2 cxb4 43. axb4 Rxc4 44. Qe1 Rc8 45. Bd3 Qd8 46. Qf2 Nd7 47. Rxd6 Qe7 48. Rhh6 Rc7 49. Rxa6 Qxb4+ 50. Ka2 Nc5 51. Rhb6+ Kc8 52. Ra8+ Kd7 53. Bxb5+ Ke7 54. d6+ Kf7 55. Bxe8+ Kg7 56. Rxb4 Ra7+ 57. Rxa7+ Nd7 58. Rxd7+ Kf6 59. Rf7+ Ke6 60. d7 Kd6 61. Qb6# 1-0

[Event "Titled Tue 9th Jul Early"]
[Site "chess.com INT"]
[Date "2024.07.09"]
[Round "10"]
[White "Arutinian, D."]
[Black "Ter Sahakyan, S."]
[Result "1-0"]
[WhiteElo "2549"]
[BlackElo "2616"]
[PlyCount "73"]
[EventDate "2024.07.09"]

1. Nf3 d5 2. e3 Nf6 3. c4 e6 4. b3 Bd6 5. Bb2 O-O 6. Nc3 c5 7. cxd5 exd5 8. d4 cxd4 9. Nxd4 Nc6 10. Be2 Qe7 $146 ({RR} 10... Nxd4 11. Qxd4 Re8 12. O-O Be5 13. Qd2 d4 14. exd4 Qxd4 15. Qxd4 Bxd4 16. Bf3 Rd8 17. Rad1 Bg4 18. Bxg4 Nxg4 19. h3 Nxf2 20. Rxf2 Bxf2+ 21. Kxf2 Rxd1 22. Nxd1 Rd8 23. Ke2 f6 24. Ne3 Kf7 25. Nf5 {Khlebovich,A (2423)-Bluebaum,M (2646) chess.com INT 2024 1-0 (61)}) ({RR} 10... Nxd4 11. Qxd4 Re8 12. Rd1 Be5 13. Qd2 Bf5 14. O-O Rc8 15. Bf3 Ne4 16. Nxe4 dxe4 17. Qxd8 Rcxd8 18. Rxd8 Rxd8 19. Bxe5 exf3 20. gxf3 Rd2 21. Kg2 Rxa2 22. Rc1 Rc2 23. Rxc2 Bxc2 24. b4 b6 {½-½ (24) Aronian,L (2764)-So,W (2778) Paris 2018}) ({RR} 10... Nxd4 11. Qxd4 Re8 12. O-O Be5 13. Qd2 d4 14. exd4 Qxd4 15. Qxd4 Bxd4 16. Bf3 Rb8 17. Rad1 Be5 18. Rfe1 Bg4 19. Bxg4 Nxg4 20. h3 Nf6 21. Na4 Bxb2 22. Nxb2 Rxe1+ 23. Rxe1 Kf8 24. Nc4 Rd8 25. Rc1 {Narayanan,S (2622)-Deac,B (2692) chess.com INT 2025 1-0 (70)}) 11. O-O Rd8 12. Nf3 Bg4 13. Nb5 Bb8 14. h3 Bh5 15. Re1 Ne4 16. Rc1 a6 17. Nbd4 Nxd4 18. Qxd4 f6 19. Qd3 Bg6 20. Qd1 Bf7 21. Bd3 Bd6 22. Nd4 Bg6 23. Be2 Kh8 24. Bg4 Be5 25. Re2 h5 26. Bf5 Bf7 27. h4 Nd6 28. Bh3 Bg6 29. Rd2 Ne4 30. Rdc2 Qf7 31. Ne6 Rd6 32. Rc7 Bxb2 33. Rxf7 Bxf7 34. Rc7 Bxe6 35. Bxe6 Rxe6 36. Qxh5+ Kg8 37. Qf7+ 1-0

[Event "57th Biel GM2 Qual 2024"]
[Site "Biel SUI"]
[Date "2024.07.18"]
[Round "3.3"]
[White "Bjerre, Jonas Buhl"]
[Black "Maurizzi, Marc'Andria"]
[Result "1-0"]
[WhiteElo "2653"]
[BlackElo "2620"]
[PlyCount "105"]
[EventDate "2024.07.16"]

1. Nf3 d5 2. g3 Nc6 3. d4 Bf5 4. Bg2 Nb4 5. Na3 e6 6. O-O Be7 7. Bf4 Nf6 8. Nb5 O-O 9. a3 Na6 10. c4 dxc4 $146 ({RR} 10... c6 11. Nc3 h6 12. Qb3 Qb6 13. Qxb6 axb6 14. Ne5 Nb8 15. Rfe1 Nbd7 16. Nxd7 Nxd7 17. e4 dxe4 18. Nxe4 Nf6 19. Bd6 Bxd6 20. Nxd6 Rab8 21. Nxf5 exf5 22. Re5 g6 23. d5 c5 24. Re7 Rfd8 25. Rae1 {Ritviz,P (2299)-Haldorsen,B (2461) Dubai 2022 1-0 (55)}) 11. Ne5 Be4 12. Bxe4 Nxe4 13. Nxc4 Qd5 14. Qb3 Bg5 15. Bxg5 Nxg5 16. f3 c6 17. Nc3 Qxd4+ 18. e3 Qc5 19. a4 Nc7 20. h4 b5 21. axb5 cxb5 22. Na5 Qxe3+ 23. Kg2 Rad8 24. Nd1 Rd2+ 25. Rf2 Qe1 26. Qe3 Nxf3 27. Qxf3 Nd5 28. Rxd2 Qxd2+ 29. Qf2 Qd3 30. Rc1 f5 31. Qc2 Qd4 32. Qe2 Kh8 33. Nc6 Qf6 34. Nf2 f4 35. Qe5 Qf7 36. g4 f3+ 37. Kg3 Nf4 38. Nd4 Ng6 39. Qe4 h6 40. h5 Nf4 41. Rc2 b4 42. Nxf3 b3 43. Rc4 e5 44. Nxe5 Nxh5+ 45. Kh3 Qxf2 46. Ng6+ Kg8 47. Qe6+ Kh7 48. Nxf8+ Qxf8 49. Qe4+ Kh8 50. gxh5 Qf1+ 51. Kh2 Qf2+ 52. Qg2 Qh4+ 53. Rxh4 1-0

[Event "CrunchLabs Masters PlayIn"]
[Site "chess.com INT"]
[Date "2024.07.17"]
[Round "1"]
[White "Malakhov, V."]
[Black "Fedoseev, Vl3"]
[Result "1-0"]
[WhiteElo "2642"]
[BlackElo "2687"]
[PlyCount "95"]
[EventDate "2024.07.17"]

1. Nf3 d5 2. e3 Nf6 3. c4 g6 4. cxd5 Nxd5 5. d4 Bg7 6. Be2 O-O 7. O-O Nb6 8. e4 Nc6 ({RR} 8... c5 9. d5 e6 10. Nc3 exd5 11. exd5 Bxc3 12. bxc3 Qxd5 13. Nd2 Qe5 14. a4 Rd8 15. Ra3 Nc6 16. a5 Nd5 17. Nc4 Qf6 18. Qb3 Nf4 19. Bf3 Be6 20. Qb5 a6 21. Qa4 Rd3 22. Ne3 Rad8 23. Qe4 {Grischuk,A (2772)-Mamedyarov,S (2799) Riadh 2017 ½-½ (87)}) 9. d5 $146 ({RR} 9. Be3 Bg4 10. e5 Nd5 11. Nc3 Ncb4 12. a3 Nxc3 13. bxc3 Nd5 14. Qd2 c5 15. c4 Nxe3 16. fxe3 cxd4 17. exd4 Bxf3 18. Bxf3 Bxe5 19. Rfd1 Bg7 20. Bxb7 Rb8 21. Bf3 e5 22. dxe5 Qb6+ 23. Qf2 Bxe5 {Nguyen,T (1971)-Saravana,K (2312) Chess.com INT 2020 ½-½ (54)}) 9... Ne5 10. Nxe5 Bxe5 11. Nc3 e6 12. Qb3 exd5 13. exd5 a5 14. Rd1 a4 15. Qb4 a3 16. bxa3 Qd6 17. Qxd6 cxd6 18. Rb1 Nd7 19. Nb5 Nc5 20. f4 Bf5 21. Rb4 Bg7 22. Nxd6 Bd7 23. Be3 Na4 24. Rxb7 Nc3 25. Rd2 Nxe2+ 26. Rxe2 Bg4 27. Rd2 Rxa3 28. Bc5 Rc3 29. Ne4 Rc1+ 30. Kf2 Ra8 31. d6 h5 32. d7 Bxd7 33. Rbxd7 Ra4 34. Rd8+ Kh7 35. Ng5+ Kh6 36. Nxf7+ Kh7 37. Ng5+ Kh6 38. Be3 Ra1 39. R2d7 R4xa2+ 40. Bd2 Ra8 41. Rxa8 Rxa8 42. Be3 h4 43. Kf3 Ra3 44. Ne6 Bf6 45. f5+ g5 46. Rf7 Be5 47. Nxg5 Bf4 48. Kxf4 1-0